Регионална библиотека "Любен Каравелов" - Русе

Der Vetter aus Dingsda | Schwarzwaldmadel (Запис номер 518380)

MARC детайли
000 -Лидер
Лидер 03089njm a2200313 a 4500
003 - Код на организацията, давaща контролен номер
Код на организацията, даваща контролен номер BLK
005 - Дата и час на последна редакция
Дата и час на последна редакция 20241004090759.0
007 - Фиксирано поле за физическо описани
Физическо описание sd ammalaaahaa
008 - Елементи от данни с фиксирана дължина
Елементи с фиксирана дължина 240822b bul||n|| |||||||| n|bulo|
028 ## - PUBLISHER NUMBER
Издателски номер 845070
040 ## - Източник на каталожния запис
Код на библиотеката BLK
041 ## - Код за език
Език на записа Немски
Език за КДБФ Немски
080 ## - УДК
УДК текст Опера. Музикална драма. Романтична опера. Опера-приказка
УДК код 782.1
УДК – определител (430)(086.72)
УДК – код + определител 782.1(430)(086.72)
100 ## - Редна дума - Автор
R(LIN) 495032
Автор Kunneke, Eduard
245 ## - Сведения за заглавието
Заглавие Der Vetter aus Dingsda
Авторска отговорност Eduard Kunneke ; Symphonie Orchester Graunke ; dirigent Will Mattes.
245 ## - Сведения за заглавието
Заглавие Schwarzwaldmadel
Подзаглавни данни (Querschnitte)
Авторска отговорност Leon Jessel ; Symphonie Orchester Graunke ; dirigent Will Mattes ; Operettenchor, Leitung Cornelius Eberhardt.
260 ## - Област на издателските данни
Място на издаване Berlin
Име на издателя Deutsche Schallplatten
Година на издаване 1970
9 (RLIN) 215027
300 ## - Физическа характеристика
Брой страници 1 грамофонна плоча
Илюстрации 33 об./мин., stereo
Размер 30 см
380 ## - Жанр
Жанр Изкуство
490 ## - СЕРИИ (Колекции)
9 (RLIN) 493969
Серия Amiga
500 ## - Общи забележки
Обща забележка A:<br/>(01) Erika Köth - Introduktion / Strahlender Mond<br/>(02) Erika Köth & Christine Görner & Jürgen Förster - O werter Verehrter / Überleg dir's<br/>(03) Erika Köth & Christine Görner - Rein wird gemacht / Onkel und Tante<br/>(04) Erika Köth & Heinz Hoppe - Nicht wahr, hier ist's wie im Zauberreich / ich trink' auf dein lachendes Augenpaar<br/>(05) Erika Köth & Christine Görner & Heinz Hoppe - Doch sag, wie soll ich dir danken / Ich bin nur ein armer Wandergesell'<br/>(06) Heinz Hoppe & Karl-Heinz Hauer & Ursula Schade & Erika Köth & Christine Görner & Jürgen Förster - Ganz unverhofft kommt oft das Glück / Der Roderich<br/>(07) Erika Köth & Heinz Hoppe - Weißt du noch, wie wir als Kinder gespielt / Kindchen, du mußt nicht so schrecklich viel denken<br/>(08) Christine Görner & Jürgen Förster - Ich hab' an sie nur stets gedacht / Mann, o Mann<br/>(09) Heinz Hoppe & Karl-Heinz Hauer & Ursula Schade & Erika Köth & Christine Görner & Jürgen Förster - Sieben Jahre lebt' ich in Batavia<br/>B: <br/>(10) Kurt Böhme & Erika Köth - Introduktion / O sancta Caecilia / O Cäcilie, o Cäcilie<br/>(11) Heinz Hoppe & Harry Friedauer & Erika Köth & Kurt Böhme - Wir wandern durch die weite Welt / Wir sind auf der Walz'<br/>(12) Erika Köth - Schöner Tänzer, du entschwindest / O Bli, Bla, Blasius<br/>(13) Erika Köth & Christine Görner & Harry Friedauer - Flink durchs kleine Städtele / Mädle aus dem schwarzen Wald<br/>(14) Harry Friedauer & Christine Görner - Mein Fräulein, ach ich warne sie / Lockende Augen holder Sirenen<br/>(15) Harry Friedauer & Christine Görner - Ich liebte manche Frau schon / Malwine, ach Malwine<br/>(16) Erika Köth & Kurt Böhme - Alle werden sich drehen / Erklingen zum Tanze die Geigen<br/>(17) Erika Köth & Kurt Böhme & Heinz Hoppe & Harry Friedauer & Jürgen Förster - Wenn die Sonn' am Himmel lacht / Erklingen zum Tanze die Geigen
650 #0 - Допълнително описание по предмет – тема
9 (RLIN) 315976
Предметна рубрика Опера, комична
700 ## - Други автори (авторска отговорност)
9 (RLIN) 495034
Друг автор Mattes, Will
700 ## - Други автори (авторска отговорност)
9 (RLIN) 495035
Друг автор Eberhardt, Cornelius
710 ## - Име на организация или юридическо лице като допълнителен термин за търсене
9 (RLIN) 495033
Друг колективен автор Symphonie Orchester Graunke
852 ## - Местоположение
Сигнатура (форматна) Ф ІІ 2045
Отдел Хранилище
942 ## - АРТИКУЛИ
Вид на библиотечния документ Грамофонни плочи
Скрит в OPAC Не
944 ## - СЪЗДАВАНЕ И РЕДАКЦИЯ на ЗАПИСА
Създаване/Редакция
Дата на регистрацията/редакция Севдалина Тодорова
Служител, извършил регистрацията/редакцията 30540
Статус, дата на статуса Севдалина Тодорова
999 ## - СИСТЕМНИ КОНТРОЛНИ НОМЕРА
Koha biblionumber 518380
Koha biblioitemnumber 518380
Наличности
Код за отписване Код за изгубен артикул Източник на класификационната схема Код за повреда Коз за рестрикции Код за отдаване Артикулен № Име на библиотеката - собственик Име на библиотеката, в която се намира в момента Статус (Текущо местоположение) Дата на вписване в системата Местоположение - отдел Цена в лева Инвентарен номер Систематично азбучна сигнатура Баркод Цена в евро Служебен тип на артикула
  Не е изгубен Universal Decimal Classification Не е повреден само за читалня ползва се в читалня 950705 Регионална библиотека "Любен Каравелов" Русе Регионална библиотека "Любен Каравелов" Русе Хранилище 2024-10-04 Основен фонд - ползва се само за читалня 6.00 15172 Ф ІІ 2045 900000107744 3.07 Грамофонни плочи
Vip Innovations Ltd, Rousse, Bulgaria 2025